Theory and explanation in geography (Record no. 1847971)

MARC details
000 -LEADER
fixed length control field 01151nam a2200181 4500
005 - DATE AND TIME OF LATEST TRANSACTION
control field 20260409143933.0
008 - FIXED-LENGTH DATA ELEMENTS--GENERAL INFORMATION
fixed length control field 260406b |||||||| |||| 00| 0 eng d
020 ## - INTERNATIONAL STANDARD BOOK NUMBER
International Standard Book Number 9781119845508
037 ## - SOURCE OF ACQUISITION
Terms of availability Textual
040 ## - CATALOGING SOURCE
Original cataloging agency RTL
Transcribing agency RTL
084 ## - COLON CLASSIFICATION NUMBER
Assigning agency RTL
Classification number U47 R4
100 ## - MAIN ENTRY--PERSONAL NAME
Personal name Yeung, Henry Wai-Chung
9 (RLIN) 1234093
245 ## - TITLE STATEMENT
Title Theory and explanation in geography
260 ## - PUBLICATION, DISTRIBUTION, ETC.
Place of publication, distribution, etc. London
Name of publisher, distributor, etc. John Wiley & Sons Ltd.
Date of publication, distribution, etc. 2024
300 ## - PHYSICAL DESCRIPTION
Extent xvi, 320 p.
Other physical details Includes bibliographical reference and index
520 ## - SUMMARY, ETC.
Summary, etc. Theory and Explanation in Geography Yeung presents us with a rare thing - an argument for geographical theory with forms of causal explanation at its heart. The book is both modest and ambitious. Modest in its insistence on mid-level theory without a call for some new "turn" or advocacy for any particular approach. Ambitious in its insistence that existing theoretical traditions are inadequate or incomplete insofar as they lack causal explanatory power. Geographers will be inspired and/or infuriated by Yeung's arguments in this provocative and cogently argued call to theoretical arms for many years to come.
942 ## - ADDED ENTRY ELEMENTS (KOHA)
Source of classification or shelving scheme Colon Classification (CC)
Suppress in OPAC No
Koha item type Textual
Classification part U47 R4
Holdings
Withdrawn status Lost status Source of classification or shelving scheme Damaged status Not for loan Home library Current library Date acquired Total Checkouts Full call number Barcode Date last seen Price effective from Koha item type
    Colon Classification (CC)     Ratan Tata Library Ratan Tata Library 2026-04-06   U47 R4 RT1528710 2026-04-06 2026-04-06 Textual
Copyright @ Delhi University Library System